| LEADER | 00629cam a2200181 7i4500 | ||
|---|---|---|---|
| 001 | 0000003263 | ||
| 005 | 19991025090000.0 | ||
| 002 | ##000004615 | ||
| 020 | 0 | 0 | |a T000004216 |
| 090 | 0 | 0 | |a M 387.5 |b GUI |
| 245 | 0 | 0 | |a Guide to world ports and shipping services for Malaysian shippers. |
| 260 | 0 | 0 | |a Petaling Jaya: |b Transport Media, |c 1995. |
| 300 | 0 | 0 | |a n.p.. |
| 500 | 0 | 0 | |a Provides collated information on shipping services between world ports and Malaysia ports |
| 650 | 0 | 0 | |a Shipping |
| 651 | 0 | 0 | |a Malaysia |
| 999 | |a 0000005040 |b Book |c Open shelf |e Business Information Centre | ||
| 999 | |a 0000005038 |b Book |c Open shelf |e Business Information Centre | ||